| 000 | 00409nam a22001217a 4500 | ||
|---|---|---|---|
| 999 |
_c9460 _d9460 |
||
| 003 | OSt | ||
| 008 | 201203b ||||| |||| 00| 0 eng d | ||
| 245 | _aMan Made Textiles In India | ||
| 250 | _a2010(Jan Vol.53 No.2, Mar Vol.53 No.3, Apr Vol.53 No.4, Jul Vol.38 No.7, Aug Vol.38 No.8, Oct Vol.38 No.10, Nov Vol.38 No.11) | ||
| 260 |
_aMumbai _bU.K. Gangopadhyay |
||
| 650 | _aTextile Engineering | ||
| 942 |
_2ddc _cBV |
||